Nuclear physics : (Record no. 6552)

MARC details
000 -LEADER
fixed length control field 00653cam a22002172 4500
001 - CONTROL NUMBER
control field 0000003831
005 - DATE AND TIME OF LATEST TRANSACTION
control field 20151217151936.0
008 - FIXED-LENGTH DATA ELEMENTS--GENERAL INFORMATION
fixed length control field 070515s xx 000 0 eng d
020 ## - INTERNATIONAL STANDARD BOOK NUMBER
International Standard Book Number 0471979368 :
040 ## - CATALOGING SOURCE
Original cataloging agency KABU
Transcribing agency KABU
050 #0 - LIBRARY OF CONGRESS CALL NUMBER
Classification number QC776
Item number .L45 2006
100 1# - MAIN ENTRY--PERSONAL NAME
Personal name Lilley, J. S.
-- 0000154026
245 10 - TITLE STATEMENT
Title Nuclear physics :
Remainder of title Principles and applications.
260 ## - PUBLICATION, DISTRIBUTION, ETC. (IMPRINT)
Place of publication, distribution, etc. New York :
Name of publisher, distributor, etc. J. Wiley,
Date of publication, distribution, etc. 2006.
300 ## - PHYSICAL DESCRIPTION
Extent xvi, 393 p.
650 #0 - SUBJECT ADDED ENTRY--TOPICAL TERM
Topical term or geographic name as entry element Nuclear physics.
-- 0000154022
852 1# - LOCATION
-- p4550 KES
852 1# - LOCATION
-- p4550 KES
908 ## - PUT COMMAND PARAMETER (RLIN)
Put command parameter 070515
950 ## - LOCAL HOLDINGS (RLIN)
-- 1
Holdings
Withdrawn status Lost status Source of classification or shelving scheme Not for loan Home library Current library Date acquired Total Checkouts Total Renewals Full call number Barcode Date last seen Date last checked out Price effective from Koha item type
    Library of Congress Classification   Kabarak, Main Campus Kabarak, Main Campus 17/12/2015 2 2 QC776 .L45 2006 c. 1 010337 24/09/2020 18/03/2020 17/12/2015 General Collection
    Library of Congress Classification   Kabarak, Main Campus Kabarak, Main Campus 17/12/2015 2 1 QC776 .L45 2006 c. 2 16145 09/10/2023 08/09/2023 17/12/2015 General Collection
Designed with assistance from East African Informatics Ltd